00382nam a22001457a 450000500170000000800410001702200130005804100130007108200120008410000120009624500240010826000500013230000290018265000250021120240821105958.0240821b |||||||| |||| 00| 0 eng d a20726678 aEnglish  a349 NAM lEnglish aNamibia Law Reports aWindhoek: bNamibia Law Journal Trust, c2009 biv, 157 pages; c25 cm.  aLegal practice bLaw